10 największych miast województwa pomorskiego - Statystyki

Ogólne statystyki
  • Ten quiz został rozwiązany 28 razy
  • Średni wynik to 8 z 10
Statystyki odpowiedzi
Hint Miasto % Poprawnych
487 834 Gdańsk
100%
240 554 Gdynia
100%
85 135 Słupsk
92%
36 573 Malbork
85%
45 734 Wejherowo
85%
53 585 Rumia
81%
56 676 Tczew
81%
38 508 Chojnice
69%
45 184 Starogard Gdański
69%
36 731 Kwidzyn
54%
Nie znaleziono quizów pasujących do podanych kryteriów
Rozkład punktacji
Procent ludzi z każdym wynikiem
Percentyl według liczby udzielonych odpowiedzi
Twoja historia wyników
Nie rozwiązałeś tego quizu